000 01522nam a2200349 i 4500
001 000015044
003 DO-SdBNP
005 20250613092742.0
007 ta
008 100129s2000 dr 001 0bspa d
020 _a9993401552
040 _aDO-SdBNP
_bspa
_cBNPHU
_erda
041 _aspa
082 4 _a923.17293
_bH594c 2000
100 1 _aCastro, Víctor Manuel de,
_d1872-1924
_eautor
_4aut.
_934050
245 1 0 _aCosas de Lilís ;
_bMás cosas de Lilís /
_cVíctor M. de Castro, Gustavo E. Bergés Bordas ; prólogo Américo Lugo.
250 _aSegunda edición
264 _aSanto Domingo :
_bEdiciones Librería La Trinitaria,
_c2000.
300 _a76, 67 páginas ;
_c21 cm.
502 _aPublicado con: Más cosas de Lilís / Gustavo E. Bergés Bordas.
563 _aDos obras encuadernadas juntas con paginación independiente.
590 _aInventariado, 2020/VM
600 1 4 _aHeureaux, Ulisis,
_d1845-1899
_vAnécdotas, chistes, Sátiras, etc.
_934051
650 4 _aPresidentes
_zRepública Dominicana
_vAnécdotas, chistes, Sátiras, etc.
_934052
650 4 _aPresidentes
_zRepública Dominicana
_vBiografías
_91288
651 0 _aRepública Dominicana --
_xHistoria --
_y1844-1930
_91009
651 4 _aRepública Dominicana
_xHistoria
_vAnécdotas, chistes, Sátiras, etc.
_919045
700 1 _aBergés Bordas, Gustavo E.,
_d1895-1925
_tMás cosas de Lilís
_934053
700 1 _aLugo, Américo
_d1870-1952
_eprologuista
_981550
910 _aValidado. Control de calidad MMOLINA
942 _2ddc
_cLBS1
999 _c14617
_d14617